| 000 | 01282nam a22001577a 4500 | ||
|---|---|---|---|
| 999 |
_c517559 _d517559 |
||
| 008 | 210720b ||||| |||| 00| 0 eng d | ||
| 100 |
_aSaxena, Rekha _926807 |
||
| 245 | _aIntergovernmental interactions in the Indian federal structure | ||
| 260 | _aBihar Journal of Public Administration | ||
| 300 | _a17(2), Jul-Dec, 2020: p.472-481 | ||
| 520 | _aThe paper seeks to review intergovernmental interactions in Indian federation. In India, the working of union-state coordination reveals that informality is still the norm. Intergovernmental interactions have been a rather feeble facet of Indian federalism in absolute as well as relative terms. Many observers in India have found the systems of intergovernmental interactions to be either rarely used or excessively controlled by the central government. In India there are both formal and informal—mostly latter—interactions between the executives of the various dominions that encompass the federation. However, there is no formal cooperation between legislatures. – Reproduced | ||
| 650 |
_aExecutive, Federalism, Intergovernmental interactions, Legislature, Union-State coordination Union-state coordination _925447 |
||
| 773 | _aBihar Journal of Public Administration | ||
| 906 | _aFEDERALISM | ||
| 942 | _cAR | ||